| 000 | 00693cam a22002054a 4500 | ||
|---|---|---|---|
| 020 | _a0471429724 | ||
| 040 | _cDLC | ||
| 082 | 0 | 0 | _a641 WIL 2004 A038 Or. |
| 100 | 1 | _aHeyhoe, Kate. | |
| 245 | 1 | 0 |
_aHarvesting the dream : _bthe rags-to-riches tale of the Sutter Home Winery / |
| 260 |
_aHoboken, N.J. : _bJ. Wiley, _cc2004. |
||
| 300 |
_axix, 235 p. : _bill. ; _c24 cm. |
||
| 650 | 0 | _aWine and wine making | |
| 650 | 0 | _aWineries | |
| 700 | 1 | _aHock, Stanley, | |
| 856 | 4 | 2 | _uhttp://www.loc.gov/catdir/bios/wiley045/2003014146.html |
| 856 | 4 | 2 | _uhttp://www.loc.gov/catdir/description/wiley039/2003014146.html |
| 856 | 4 | 1 | _uhttp://www.loc.gov/catdir/toc/wiley032/2003014146.html |
| 942 | _cEK | ||
| 999 |
_c11463 _d11463 |
||